000 01659cam a22003612a 4500
999 _c1073
_d1073
001 .b14202633
003 OSt
005 20210528095016.0
008 151025t20152006nyua c 000 f eng
020 _a9780062367051
_q(pbk.) :
020 _a9780062367150
_qBoxset
040 _aKUAS
_beng
_cDIPPER
_erda
041 0 _aeng
042 _anbic
082 _aFIC HUN
100 1 _aHunter, Erin,
_eauthor.
245 1 0 _aStarlight /
_cErin Hunter.
250 _aRevised paperback edition.
260 _aNew York, N.Y.
_bHarper,
_c2015.
300 _a317, 16 pages :
_billustrations : map ;
_c20 cm.
490 1 _aWarriors, the new prophecy ;
_vbook 4.
500 _aFirst published : 2006.
500 _aIncludes excerpt from book 5 : Twilight.
520 _aBefore there is peace, blood will spill blood. The Clans have finally arrived in their new home, and now they must struggle to establish territories and learn the hidden dangers of this unfamiliar world. Most important, they must find a replacement for the Moonstone--a place to communicate with StarClan. But more than one cat is harboring sinister plans that could lead to violence and darkness, and as the warriors wait for a sign, they begin to realize that the threats they face in the forest may not be as perilous as the threats they face from within.
521 _aAges 8-12.
650 0 _aCats
_xJuvenile fiction.
650 0 _aFeral cats
_xJuvenile fiction.
650 0 _aProphecies
_xJuvenile fiction.
650 0 _aVoyages and travels
_xJuvenile fiction.
655 7 _aFantasy fiction.
800 1 _aHunter, Erin.
_tWarriors, the new prophecy ;
_vbk. 4.
942 _2ddc
_cFIC